[Event "c14"]
[Site "?"]
[Date "2020.08.25"]
[Round "6.7"]
[White "Bancarewicz, Aleks"]
[Black "Kolodziejski, Piotr"]
[Result "1-0"]
[BlackElo "1497"]
[WhiteElo "1647"]
[LiveChessVersion "1.4.8"]

1. e4 {[%clk 0:15:19]} c6 {[%clk 0:15:18]} 2. d4 {[%clk 0:15:27]} d5
{[%clk 0:15:27]} 3. Nc3 {[%clk 0:15:36]} dxe4 {[%clk 0:15:35]} 4. Nxe4
{[%clk 0:15:44]} Bf5 {[%clk 0:15:44]} 5. Ng3 {[%clk 0:15:52]} Bg6
{[%clk 0:15:53]} 6. h4 {[%clk 0:16:00]} h6 {[%clk 0:16:01]} 7. Nf3
{[%clk 0:16:08]} Nd7 {[%clk 0:16:09]} 8. h5 {[%clk 0:16:16]} Bh7 {[%clk 0:16:18]}
9. Bd3 {[%clk 0:16:22]} Bxd3 {[%clk 0:16:26]} 10. Qxd3 {[%clk 0:16:30]} Ngf6
{[%clk 0:16:34]} 11. Bf4 {[%clk 0:15:56]} e6 {[%clk 0:16:40]} 12. O-O-O
{[%clk 0:15:53]} Be7 {[%clk 0:16:48]} 13. Kb1 {[%clk 0:14:55]} O-O
{[%clk 0:16:45]} 14. Ne4 {[%clk 0:14:36]} Nxe4 {[%clk 0:16:53]} 15. Qxe4
{[%clk 0:14:45]} Nf6 {[%clk 0:17:02]} 16. Qe2 {[%clk 0:14:11]} Qb6
{[%clk 0:16:32]} 17. Ne5 {[%clk 0:12:33]} Nd5 {[%clk 0:15:22]} 18. Bd2
{[%clk 0:12:26]} Rad8 {[%clk 0:14:04]} 19. g4 {[%clk 0:07:34]} Bg5
{[%clk 0:11:52]} 20. Ka1 {[%clk 0:07:07]} Nf4 {[%clk 0:09:27]} 21. Bxf4
{[%clk 0:06:44]} Bxf4 {[%clk 0:09:34]} 22. Qe4 {[%clk 0:06:52]} Bxe5
{[%clk 0:09:21]} 23. Qxe5 {[%clk 0:06:51]} Rd5 {[%clk 0:09:13]} 24. Qe4
{[%clk 0:05:43]} Rfd8 {[%clk 0:09:08]} 25. c3 {[%clk 0:04:05]} c5
{[%clk 0:08:38]} 26. g5 {[%clk 0:02:45]} hxg5 {[%clk 0:06:53]} 27. h6
{[%clk 0:02:25]} g6 {[%clk 0:06:27]} 28. h7+ {[%clk 0:01:57]} Kh8
{[%clk 0:06:29]} 29. c4 {[%clk 0:01:26]} Rf5 {[%clk 0:06:30]} 30. d5
{[%clk 0:00:24]} e5 {[%clk 0:05:40]} 31. d6 {[%clk 0:00:14]} Qc6 {[%clk 0:04:30]}
32. Qxc6 {[%clk 0:00:14]} bxc6 {[%clk 0:04:39]} 33. Rh2 {[%clk 0:00:14]} Rd7
{[%clk 0:04:38]} 34. Rd3 {[%clk 0:00:12]} Rf6 {[%clk 0:04:32]} 35. a3
{[%clk 0:00:15]} Rdxd6 {[%clk 0:04:35]} 36. Rb3 {[%clk 0:00:21]} Rd8
{[%clk 0:04:27]} 37. Rb7 {[%clk 0:00:30]} g4 {[%clk 0:03:58]} 38. Rxa7
{[%clk 0:00:36]} Rf3 {[%clk 0:03:40]} 39. Rc7 {[%clk 0:00:35]} f5
{[%clk 0:02:12]} 40. Rxc6 {[%clk 0:00:43]} Rh3 {[%clk 0:00:53]} 41. Rg2
{[%clk 0:00:22]} Kxh7 {[%clk 0:01:01]} 42. Rxc5 {[%clk 0:00:31]} e4
{[%clk 0:01:05]} 43. Re5 {[%clk 0:00:34]} Rc8 {[%clk 0:00:50]} 44. c5
{[%clk 0:00:39]} Kg7 45. Ka2 Kf6 {[%clk 0:00:42]} 46. Rd5 {[%clk 0:00:58]} Rd3
{[%clk 0:00:29]} 47. Rxd3 {[%clk 0:00:14]} exd3 {[%clk 0:00:37]} 48. b4
{[%clk 0:00:23]} Ke5 {[%clk 0:00:22]} 49. Kb2 {[%clk 0:00:31]} Kd4
{[%clk 0:00:29]} 50. Rg1 {[%clk 0:00:30]} Re8 {[%clk 0:00:36]} 51. c6
{[%clk 0:00:34]} Rc8 {[%clk 0:00:30]} 52. b5 {[%clk 0:00:41]} Kc5
{[%clk 0:00:25]} 53. a4 {[%clk 0:00:47]} g5 {[%clk 0:00:18]} 54. Kc3
{[%clk 0:00:53]} Kb6 {[%clk 0:00:11]} 55. Kb4 {[%clk 0:00:54]} Ra8
{[%clk 0:00:11]} 56. Rd1 {[%clk 0:00:55]} Rd8 {[%clk 0:00:13]} 57. a5+
{[%clk 0:01:03]} Kc7 {[%clk 0:00:21]} 58. Kc5 {[%clk 0:01:12]} f4
{[%clk 0:00:00]} 1-0

[Event "c14"]
[Site "?"]
[Date "2020.08.25"]
[Round "6.8"]
[White "Jendrowiak, Maciej"]
[Black "Trzebinski, Patryk"]
[Result "0-1"]
[BlackElo "1815"]
[WhiteElo "1522"]
[LiveChessVersion "1.4.8"]

1. d4 {[%clk 0:15:19]} Nf6 {[%clk 0:15:19]} 2. c4 {[%clk 0:15:24]} e5
{[%clk 0:15:27]} 3. dxe5 {[%clk 0:15:29]} Ne4 {[%clk 0:15:36]} 4. Qd4
{[%clk 0:14:42]} Bb4+ {[%clk 0:15:36]} 5. Nc3 {[%clk 0:14:30]} Nxc3
{[%clk 0:15:41]} 6. bxc3 {[%clk 0:14:37]} Nc6 {[%clk 0:15:49]} 7. Qd2
{[%clk 0:14:06]} Bc5 {[%clk 0:15:49]} 8. Nf3 {[%clk 0:13:50]} Qe7
{[%clk 0:15:57]} 9. e3 {[%clk 0:13:39]} Nxe5 {[%clk 0:16:01]} 10. Nxe5
{[%clk 0:13:46]} Qxe5 {[%clk 0:16:09]} 11. Bd3 {[%clk 0:13:25]} d6
{[%clk 0:16:13]} 12. O-O {[%clk 0:13:27]} Be6 {[%clk 0:16:18]} 13. Rb1
{[%clk 0:13:27]} O-O-O {[%clk 0:16:23]} 14. Qb2 {[%clk 0:13:26]} Bb6
{[%clk 0:16:28]} 15. a4 {[%clk 0:13:27]} a5 {[%clk 0:16:28]} 16. Qc2
{[%clk 0:12:29]} h5 {[%clk 0:16:28]} 17. e4 {[%clk 0:11:15]} h4 {[%clk 0:15:24]}
18. Kh1 {[%clk 0:10:16]} h3 {[%clk 0:14:54]} 19. g3 {[%clk 0:10:25]} Bg4
{[%clk 0:14:13]} 20. f4 {[%clk 0:10:18]} Qh5 {[%clk 0:13:34]} 21. Rxb6
{[%clk 0:09:49]} cxb6 {[%clk 0:13:32]} 22. Be3 {[%clk 0:09:56]} Rde8
{[%clk 0:13:03]} 23. Bxb6 {[%clk 0:09:30]} f5 {[%clk 0:13:08]} 24. exf5
{[%clk 0:08:15]} Bf3+ {[%clk 0:13:12]} 25. Kg1 {[%clk 0:08:12]} Be2
{[%clk 0:13:05]} 26. Bxe2 {[%clk 0:06:20]} Rxe2 {[%clk 0:12:26]} 27. Qd3
{[%clk 0:06:19]} Rg2+ {[%clk 0:12:21]} 28. Kh1 {[%clk 0:06:23]} Qe2
{[%clk 0:11:58]} 29. Qxe2 {[%clk 0:05:41]} Rxe2 {[%clk 0:12:07]} 30. Rd1
{[%clk 0:04:00]} Rhe8 {[%clk 0:12:08]} 31. Kg1 {[%clk 0:03:52]} Rg2+
{[%clk 0:11:46]} 32. Kf1 {[%clk 0:02:31]} Rxh2 {[%clk 0:11:52]} 33. Rxd6
{[%clk 0:02:28]} Rb2 {[%clk 0:10:55]} 34. Bg1 {[%clk 0:00:36]} Rd8
{[%clk 0:09:48]} 35. Rxd8+ {[%clk 0:00:16]} Kxd8 {[%clk 0:09:57]} 36. c5
{[%clk 0:00:21]} h2 {[%clk 0:09:57]} 0-1

[Event "c14"]
[Site "?"]
[Date "2020.08.25"]
[Round "6.9"]
[White "Kejna, Piotr"]
[Black "Matela, Krzysztof"]
[Result "0-1"]
[BlackElo "1706"]
[WhiteElo "1812"]
[LiveChessVersion "1.4.8"]

1. e4 {[%clk 0:15:19]} d5 {[%clk 0:15:18]} 2. exd5 {[%clk 0:15:26]} Nf6
{[%clk 0:15:27]} 3. d4 {[%clk 0:15:28]} Nxd5 {[%clk 0:15:35]} 4. Nf3
{[%clk 0:15:32]} Nc6 {[%clk 0:15:44]} 5. Bc4 {[%clk 0:15:04]} Bg4
{[%clk 0:15:50]} 6. c3 {[%clk 0:14:52]} e6 {[%clk 0:15:55]} 7. O-O
{[%clk 0:14:57]} Be7 {[%clk 0:16:00]} 8. Nbd2 {[%clk 0:14:00]} O-O
{[%clk 0:16:06]} 9. Ne4 {[%clk 0:13:41]} Nf6 {[%clk 0:15:05]} 10. Ng3
{[%clk 0:13:37]} e5 {[%clk 0:14:20]} 11. d5 {[%clk 0:10:44]} Na5 {[%clk 0:13:37]}
12. Be2 {[%clk 0:10:44]} e4 {[%clk 0:13:12]} 13. Ng5 {[%clk 0:10:29]} Bxe2
{[%clk 0:13:18]} 14. Qxe2 {[%clk 0:10:37]} Qxd5 {[%clk 0:13:23]} 15. N5xe4
{[%clk 0:10:33]} Nxe4 {[%clk 0:13:32]} 16. Nxe4 {[%clk 0:10:41]} Qc4
{[%clk 0:12:42]} 17. Qf3 {[%clk 0:10:21]} Nc6 {[%clk 0:12:31]} 18. Bf4
{[%clk 0:09:47]} Rac8 {[%clk 0:11:42]} 19. Rfe1 {[%clk 0:09:25]} Rfe8
{[%clk 0:11:30]} 20. Qg3 {[%clk 0:09:00]} Nb8 {[%clk 0:10:39]} 21. b3
{[%clk 0:07:39]} Qc6 {[%clk 0:10:38]} 22. Rad1 {[%clk 0:06:36]} Nd7
{[%clk 0:10:31]} 23. c4 {[%clk 0:04:14]} Nf6 {[%clk 0:10:33]} 24. Nxf6+
{[%clk 0:04:05]} Bxf6 {[%clk 0:10:41]} 25. Rxe8+ {[%clk 0:03:43]} Rxe8
{[%clk 0:10:50]} 26. Bxc7 {[%clk 0:02:39]} Qd7 {[%clk 0:10:24]} 27. Rf1
{[%clk 0:02:45]} Qd2 {[%clk 0:10:15]} 28. Qf3 {[%clk 0:01:38]} Bd4
{[%clk 0:08:53]} 29. h3 {[%clk 0:01:18]} Re1 {[%clk 0:08:26]} 30. Bg3
{[%clk 0:00:31]} Rxf1+ {[%clk 0:07:56]} 31. Kxf1 {[%clk 0:00:40]} Qc1+
{[%clk 0:08:05]} 32. Ke2 {[%clk 0:00:45]} Qc2+ {[%clk 0:08:13]} 33. Ke1
{[%clk 0:00:44]} Bc3+ {[%clk 0:08:06]} 34. Kf1 {[%clk 0:00:40]} Qb1+
{[%clk 0:08:07]} 35. Ke2 {[%clk 0:00:48]} Qe1+ {[%clk 0:08:12]} 36. Kd3
{[%clk 0:00:55]} Qd2+ {[%clk 0:08:21]} 37. Ke4 {[%clk 0:01:04]} Qd4+
{[%clk 0:08:30]} 38. Kf5 {[%clk 0:01:11]} g6+ {[%clk 0:08:31]} 39. Kg5
{[%clk 0:01:20]} h6+ {[%clk 0:08:27]} 40. Kxh6 {[%clk 0:01:20]} Qd2+ 0-1

[Event "c14"]
[Site "?"]
[Date "2020.08.25"]
[Round "6.10"]
[White "Pancewicz, Szymon"]
[Black "Paszkowski, Krystian"]
[Result "1/2-1/2"]
[BlackElo "1727"]
[WhiteElo "1521"]
[LiveChessVersion "1.4.8"]

1. e4 {[%clk 0:15:16]} c5 {[%clk 0:15:19]} 2. Nf3 {[%clk 0:15:22]} e6
{[%clk 0:15:27]} 3. d4 {[%clk 0:15:18]} cxd4 {[%clk 0:15:35]} 4. Nxd4
{[%clk 0:15:25]} a6 {[%clk 0:15:43]} 5. c4 {[%clk 0:15:26]} Nf6 {[%clk 0:15:50]}
6. Nc3 {[%clk 0:15:33]} Bb4 {[%clk 0:15:58]} 7. Qd3 {[%clk 0:15:28]} Qc7
{[%clk 0:16:05]} 8. a3 {[%clk 0:15:26]} Bxc3+ {[%clk 0:16:12]} 9. Qxc3
{[%clk 0:15:14]} d6 {[%clk 0:16:20]} 10. Bd3 {[%clk 0:14:45]} e5 {[%clk 0:15:59]}
11. Ne2 {[%clk 0:13:32]} Be6 {[%clk 0:15:33]} 12. O-O {[%clk 0:13:04]} O-O
{[%clk 0:15:24]} 13. Kh1 {[%clk 0:11:02]} Rc8 {[%clk 0:14:41]} 14. Bg5
{[%clk 0:08:22]} Nbd7 {[%clk 0:11:58]} 15. Rac1 {[%clk 0:05:59]} h6
{[%clk 0:10:19]} 16. Bxf6 {[%clk 0:05:39]} Nxf6 {[%clk 0:10:11]} 17. f4
{[%clk 0:05:00]} exf4 {[%clk 0:08:55]} 18. Nxf4 {[%clk 0:04:52]} Ng4
{[%clk 0:07:06]} 19. Nd5 {[%clk 0:01:59]} Bxd5 {[%clk 0:06:48]} 20. exd5
{[%clk 0:02:07]} Ne5 {[%clk 0:06:04]} 21. Qd4 {[%clk 0:01:26]} Qc5
{[%clk 0:05:25]} 22. Qe4 {[%clk 0:00:45]} Nxd3 {[%clk 0:05:26]} 23. Qxd3
{[%clk 0:00:54]} b5 {[%clk 0:05:17]} 24. Rf4 {[%clk 0:00:25]} a5 {[%clk 0:03:27]}
25. h3 {[%clk 0:00:31]} Rc7 {[%clk 0:03:20]} 26. Qf1 {[%clk 0:00:19]} Rac8
{[%clk 0:03:20]} 27. b3 {[%clk 0:00:18]} Qxa3 {[%clk 0:03:19]} 28. Ra1
{[%clk 0:00:15]} Qxb3 {[%clk 0:03:20]} 29. Rxa5 {[%clk 0:00:17]} bxc4
{[%clk 0:03:24]} 30. Ra1 {[%clk 0:00:16]} c3 {[%clk 0:03:29]} 31. Rc1
{[%clk 0:00:21]} Qxd5 {[%clk 0:03:31]} 32. Rf3 {[%clk 0:00:16]} Qc4
{[%clk 0:03:06]} 33. Qf2 {[%clk 0:00:13]} d5 {[%clk 0:03:05]} 34. Rfxc3
{[%clk 0:00:14]} Qxc3 {[%clk 0:02:22]} 35. Rxc3 {[%clk 0:00:23]} Rxc3
{[%clk 0:02:31]} 36. Qd4 {[%clk 0:00:32]} Rc1+ {[%clk 0:02:16]} 37. Kh2
{[%clk 0:00:41]} Rd8 {[%clk 0:02:25]} 38. Qd2 {[%clk 0:00:42]} Rc4
{[%clk 0:02:05]} 39. Qa5 {[%clk 0:00:30]} Rd7 {[%clk 0:01:54]} 40. Qb5
{[%clk 0:00:25]} Rcc7 {[%clk 0:01:54]} 41. Qb8+ {[%clk 0:00:30]} Kh7
{[%clk 0:02:03]} 42. Qb1+ {[%clk 0:00:39]} g6 {[%clk 0:02:11]} 43. Qd3
{[%clk 0:00:43]} d4 {[%clk 0:02:19]} 44. h4 {[%clk 0:00:42]} Rd5 {[%clk 0:01:44]}
45. Qe4 {[%clk 0:00:29]} Rcc5 {[%clk 0:01:26]} 46. Qf3 {[%clk 0:00:19]} Kg8
{[%clk 0:01:26]} 47. Qd3 Rc3 {[%clk 0:00:46]} 48. Qd2 {[%clk 0:00:31]} Rc6
{[%clk 0:00:29]} 49. Qd3 {[%clk 0:00:29]} Rcd6 {[%clk 0:00:32]} 50. Kh1
{[%clk 0:00:20]} Rh5 {[%clk 0:00:32]} 51. Kg1 {[%clk 0:00:15]} Rxh4
{[%clk 0:00:28]} 52. Qg3 {[%clk 0:00:25]} Rd7 {[%clk 0:00:16]} 53. Qxh4
{[%clk 0:00:33]} d3 {[%clk 0:00:25]} 54. Qg4 {[%clk 0:00:33]} Rd8
{[%clk 0:00:26]} 55. Qh4 {[%clk 0:00:35]} Rd7 {[%clk 0:00:25]} 56. Qg4
{[%clk 0:00:43]} 1/2-1/2

[Event "c14"]
[Site "?"]
[Date "2020.08.25"]
[Round "6.11"]
[White "Meers, Hubert"]
[Black "Rog, Bartlomiej"]
[Result "0-1"]
[BlackElo "1550"]
[WhiteElo "1802"]
[LiveChessVersion "1.4.8"]

1. e4 {[%clk 0:15:19]} c5 {[%clk 0:15:20]} 2. Nf3 {[%clk 0:15:27]} d6
{[%clk 0:15:29]} 3. d4 {[%clk 0:15:21]} cxd4 {[%clk 0:15:38]} 4. Nxd4
{[%clk 0:15:30]} Nf6 {[%clk 0:15:48]} 5. f3 {[%clk 0:15:37]} e5 {[%clk 0:15:57]}
6. Nb3 {[%clk 0:15:42]} d5 {[%clk 0:15:41]} 7. exd5 {[%clk 0:14:04]} Qxd5
{[%clk 0:15:50]} 8. Qxd5 {[%clk 0:14:03]} Nxd5 {[%clk 0:16:00]} 9. Bb5+
{[%clk 0:13:13]} Bd7 {[%clk 0:16:08]} 10. Bxd7+ {[%clk 0:13:21]} Nxd7
{[%clk 0:16:16]} 11. O-O {[%clk 0:13:28]} Nb4 {[%clk 0:15:04]} 12. Na3
{[%clk 0:13:02]} Rc8 {[%clk 0:15:13]} 13. c3 {[%clk 0:12:24]} Nd3
{[%clk 0:15:20]} 14. Nc2 {[%clk 0:09:42]} N7c5 {[%clk 0:14:16]} 15. Be3
{[%clk 0:04:14]} Nxb2 {[%clk 0:13:54]} 16. Nxc5 {[%clk 0:04:22]} Bxc5
{[%clk 0:14:03]} 17. Bxc5 {[%clk 0:04:30]} Rxc5 {[%clk 0:14:12]} 18. Rab1
{[%clk 0:04:30]} Na4 {[%clk 0:13:18]} 19. Rxb7 {[%clk 0:04:04]} O-O
{[%clk 0:13:27]} 20. Rxa7 {[%clk 0:03:54]} Nxc3 {[%clk 0:13:26]} 21. Ne3
{[%clk 0:03:21]} g6 {[%clk 0:13:28]} 22. Re1 {[%clk 0:03:10]} h5 {[%clk 0:13:21]}
23. a4 {[%clk 0:02:03]} Rd8 {[%clk 0:12:58]} 24. a5 {[%clk 0:01:28]} Rd2
{[%clk 0:12:57]} 25. a6 {[%clk 0:00:31]} Ra2 {[%clk 0:12:39]} 26. Nf1
{[%clk 0:00:22]} Kg7 {[%clk 0:11:28]} 27. h3 {[%clk 0:00:17]} Nb5
{[%clk 0:11:02]} 28. Re7 {[%clk 0:00:15]} Kf6 {[%clk 0:11:11]} 29. Rb7
{[%clk 0:00:16]} Rxa6 {[%clk 0:11:15]} 30. Ng3 {[%clk 0:00:23]} Nc3
{[%clk 0:10:15]} 31. Ne4+ {[%clk 0:00:19]} Nxe4 {[%clk 0:10:23]} 32. fxe4
{[%clk 0:00:27]} Ke6 {[%clk 0:10:05]} 33. Rf1 {[%clk 0:00:27]} f6
{[%clk 0:10:13]} 34. Rg7 {[%clk 0:00:27]} g5 {[%clk 0:10:16]} 35. Rb7
{[%clk 0:00:16]} Rc2 {[%clk 0:09:56]} 36. Rfb1 {[%clk 0:00:12]} h4
{[%clk 0:08:33]} 37. R1b4 {[%clk 0:00:17]} Rcc6 {[%clk 0:08:00]} 38. Kh1
{[%clk 0:00:14]} Rd6 {[%clk 0:07:57]} 39. Rb1 {[%clk 0:00:13]} Rd4
{[%clk 0:07:55]} 40. Re1 {[%clk 0:00:22]} Raa4 {[%clk 0:06:15]} 41. Reb1
{[%clk 0:00:31]} Rxe4 {[%clk 0:06:12]} 42. R1b6+ {[%clk 0:00:29]} Kf5
{[%clk 0:06:21]} 43. Rf7 {[%clk 0:00:32]} Re1+ {[%clk 0:06:16]} 44. Kh2
{[%clk 0:00:41]} Raa1 {[%clk 0:06:25]} 45. g4+ {[%clk 0:00:27]} hxg3+
{[%clk 0:04:07]} 46. Kxg3 {[%clk 0:00:36]} Rg1+ {[%clk 0:03:10]} 47. Kf2
{[%clk 0:00:26]} Raf1+ {[%clk 0:03:15]} 48. Ke2 {[%clk 0:00:35]} Kg6
{[%clk 0:03:24]} 49. Re7 {[%clk 0:00:33]} Ra1 {[%clk 0:01:54]} 50. Ree6
{[%clk 0:00:29]} Ra2+ {[%clk 0:02:03]} 51. Kd3 {[%clk 0:00:23]} Rf1
{[%clk 0:02:05]} 52. Rxe5 {[%clk 0:00:22]} Rf3+ {[%clk 0:01:57]} 53. Ke4
{[%clk 0:00:18]} Rxh3 {[%clk 0:02:00]} 54. Rc5 {[%clk 0:00:22]} Ra4+
{[%clk 0:01:58]} 55. Kd5 {[%clk 0:00:31]} g4 {[%clk 0:01:40]} 56. Rc8
{[%clk 0:00:28]} Rd3+ {[%clk 0:01:42]} 57. Kc5 {[%clk 0:00:18]} Rc3+
{[%clk 0:01:46]} 58. Kb5 {[%clk 0:00:27]} Rxc8 {[%clk 0:01:55]} 59. Kxa4
{[%clk 0:00:36]} Rg8 {[%clk 0:01:53]} 60. Kb3 {[%clk 0:00:46]} g3
{[%clk 0:02:01]} 61. Kc3 {[%clk 0:00:53]} g2 {[%clk 0:01:55]} 62. Rb1
{[%clk 0:00:59]} Kh5 {[%clk 0:02:04]} 63. Rg1 {[%clk 0:01:07]} Kh4
{[%clk 0:02:13]} 64. Kd3 {[%clk 0:01:16]} Kh3 {[%clk 0:02:23]} 65. Ke3
{[%clk 0:01:20]} Kh2 {[%clk 0:02:32]} 66. Kf2 {[%clk 0:01:28]} Rg5
{[%clk 0:02:40]} 0-1

[Event "c14"]
[Site "?"]
[Date "2020.08.25"]
[Round "6.12"]
[White "Myrmus, Mateusz"]
[Black "Wojdak, Jan"]
[Result "1-0"]
[BlackElo "1917"]
[WhiteElo "1539"]
[LiveChessVersion "1.4.8"]

1. e4 {[%clk 0:15:10]} d5 {[%clk 0:15:13]} 2. exd5 {[%clk 0:15:17]} Qxd5
{[%clk 0:15:22]} 3. Nc3 {[%clk 0:15:25]} Qd8 {[%clk 0:15:30]} 4. Nf3
{[%clk 0:15:31]} Nf6 {[%clk 0:15:39]} 5. h3 {[%clk 0:15:34]} g6 {[%clk 0:15:48]}
6. Bc4 Bg7 {[%clk 0:15:55]} 7. d3 {[%clk 0:15:45]} O-O {[%clk 0:16:00]} 8. O-O
{[%clk 0:15:53]} Nc6 {[%clk 0:15:52]} 9. Re1 {[%clk 0:15:52]} b6 {[%clk 0:15:47]}
10. Bf4 {[%clk 0:15:28]} Bb7 {[%clk 0:15:35]} 11. Qe2 {[%clk 0:14:32]} e6
{[%clk 0:15:09]} 12. Rad1 {[%clk 0:14:16]} Nd5 {[%clk 0:14:52]} 13. Bxd5
{[%clk 0:13:51]} exd5 {[%clk 0:15:01]} 14. d4 {[%clk 0:13:32]} Na5
{[%clk 0:14:30]} 15. b3 {[%clk 0:12:37]} c5 {[%clk 0:13:58]} 16. Na4
{[%clk 0:11:43]} c4 {[%clk 0:13:58]} 17. Qe7 {[%clk 0:09:53]} Re8
{[%clk 0:11:44]} 18. Qxd8 {[%clk 0:09:50]} Raxd8 {[%clk 0:11:53]} 19. b4
{[%clk 0:09:03]} Nc6 {[%clk 0:12:02]} 20. c3 {[%clk 0:09:07]} Ne7
{[%clk 0:09:42]} 21. Nb2 {[%clk 0:08:46]} Nf5 {[%clk 0:09:40]} 22. g4
{[%clk 0:08:11]} Ne7 {[%clk 0:09:47]} 23. Re2 {[%clk 0:07:34]} Nc8
{[%clk 0:09:32]} 24. Rde1 {[%clk 0:07:36]} Re4 {[%clk 0:09:22]} 25. Rxe4
{[%clk 0:06:40]} dxe4 {[%clk 0:09:31]} 26. Nd2 {[%clk 0:06:48]} b5
{[%clk 0:09:08]} 27. Nxe4 {[%clk 0:06:33]} Bxe4 {[%clk 0:07:25]} 28. Rxe4
{[%clk 0:06:40]} Nb6 {[%clk 0:07:34]} 29. Nd1 {[%clk 0:04:20]} Nd5
{[%clk 0:07:35]} 30. Bd2 {[%clk 0:04:26]} f5 {[%clk 0:06:45]} 31. Re1
{[%clk 0:03:55]} f4 {[%clk 0:06:39]} 32. f3 {[%clk 0:03:55]} a5 {[%clk 0:05:39]}
33. a3 {[%clk 0:03:19]} axb4 {[%clk 0:05:47]} 34. axb4 {[%clk 0:03:27]} Ra8
{[%clk 0:05:51]} 35. Nf2 {[%clk 0:03:29]} Ra2 {[%clk 0:05:51]} 36. Ne4
{[%clk 0:03:24]} Rc2 {[%clk 0:03:39]} 37. Ra1 {[%clk 0:02:19]} Rxd2
{[%clk 0:01:28]} 38. Ra8+ {[%clk 0:01:54]} Kf7 {[%clk 0:01:37]} 39. Nxd2
{[%clk 0:01:59]} Nxc3 {[%clk 0:01:46]} 40. Ne4 {[%clk 0:01:07]} Bxd4+
{[%clk 0:01:54]} 41. Kf1 {[%clk 0:01:15]} Nd5 {[%clk 0:01:36]} 42. Nd6+
{[%clk 0:00:54]} Ke6 {[%clk 0:01:45]} 43. Nxb5 {[%clk 0:00:58]} Be3
{[%clk 0:01:31]} 44. Rc8 {[%clk 0:00:48]} Nxb4 {[%clk 0:01:24]} 45. Rxc4
{[%clk 0:00:54]} Nd3 {[%clk 0:01:28]} 46. Rc7 {[%clk 0:00:50]} Ne5
{[%clk 0:01:28]} 47. Ke2 {[%clk 0:00:47]} h6 {[%clk 0:01:37]} 48. Nc3
{[%clk 0:00:32]} Bb6 {[%clk 0:01:01]} 49. Rh7 {[%clk 0:00:30]} Nf7
{[%clk 0:01:10]} 50. Nd5 {[%clk 0:00:25]} Bd8 {[%clk 0:01:15]} 51. Nxf4+
{[%clk 0:00:23]} Kf6 {[%clk 0:01:24]} 52. Rxf7+ {[%clk 0:00:21]} Kxf7
{[%clk 0:01:33]} 1-0

[Event "c14"]
[Site "?"]
[Date "2020.08.25"]
[Round "7.1"]
[White "Malek, Jan"]
[Black "Klimkowski, Jan"]
[Result "1-0"]
[BlackElo "1998"]
[WhiteElo "1843"]
[LiveChessVersion "1.4.8"]

1. e4 c5 2. c3 d5 3. exd5 Qxd5 4. d4 Nc6 5. Nf3 Bf5 6. Be3 cxd4 7. cxd4 Bxb1 8.
Qxb1 e6 9. a3 Nf6 10. Bd3 Be7 11. O-O O-O 12. b4 Rac8 13. Rd1 h6 14. Qb2 Bd6 15.
Rac1 Ne7 16. Rc5 Bxc5 17. dxc5 Qh5 18. Bd4 Ned5 19. Re1 Nf4 20. Bf1 Ng6 21. Ne5
Rcd8 22. Nxg6 Qxg6 23. Re3 Nh5 24. h3 f6 25. Bc4 Nf4 26. Rg3 Qf5 27. Kh2 Kh8 28.
Ba2 e5 29. Bb1 e4 30. f3 Qd5 31. Be3 Nd3 32. Qd2 Ne5 33. Qxd5 Rxd5 34. Bxe4 Rd7
35. f4 Nc6 36. b5 Ne7 37. f5 Re8 38. c6 bxc6 39. bxc6 Rc7 40. Bf4 Rcc8 41. c7 Ng6
42. fxg6 Rxe4 43. Rd3 Ree8 44. Rd7 a6 45. Bd6 Kg8 46. Be7 Ra8 47. Rd8 a5 48.
Rxe8+ 1-0

[Event "c14"]
[Site "?"]
[Date "2020.08.25"]
[Round "7.2"]
[White "Wieczorek, Mikolaj"]
[Black "Chyzy, Jakub"]
[Result "1-0"]
[BlackElo "1930"]
[WhiteElo "1550"]
[LiveChessVersion "1.4.8"]

1. e4 Nf6 2. e5 Nd5 3. d4 d6 4. c4 Nb6 5. exd6 exd6 6. Nc3 Be7 7. Nf3 O-O 8. Bd3
Nc6 9. O-O Bg4 10. h3 Bh5 11. Be3 Bf6 12. Rc1 Nxd4 13. Bxh7+ Kxh7 14. Ng5+ Bxg5
15. Qxh5+ Bh6 16. Bxd4 g6 17. Qf3 Bxc1 18. Rxc1 f5 19. Qxb7 Qc8 20. Qf3 c5 21.
Be3 Nxc4 22. Bg5 Qe6 23. Ne2 Ne5 24. Qg3 Rab8 25. Nf4 Qf7 26. Rd1 Rb6 27. Nd5
Rxb2 28. Qh4+ Kg7 29. Qh6+ Kg8 30. Ne7+ Qxe7 31. Bxe7 Rf7 32. Bxd6 Rd7 33. Qf8+
Kh7 34. Bxe5 Rxd1+ 35. Kh2 1-0

[Event "c14"]
[Site "?"]
[Date "2020.08.25"]
[Round "7.3"]
[White "Paprocki, Antoni"]
[Black "Fiszer, Bartosz"]
[Result "1/2-1/2"]
[BlackElo "1890"]
[WhiteElo "1843"]
[LiveChessVersion "1.4.8"]

1. d4 {[%clk 0:15:18]} Nf6 {[%clk 0:15:16]} 2. c4 {[%clk 0:15:28]} g6
{[%clk 0:15:22]} 3. Nf3 {[%clk 0:15:37]} Bg7 {[%clk 0:15:30]} 4. g3
{[%clk 0:15:45]} O-O {[%clk 0:15:38]} 5. Bg2 {[%clk 0:15:54]} d6 {[%clk 0:15:38]}
6. O-O {[%clk 0:16:00]} Nc6 {[%clk 0:15:46]} 7. Nc3 {[%clk 0:16:09]} Bg4
{[%clk 0:15:49]} 8. h3 {[%clk 0:16:11]} Bxf3 {[%clk 0:15:56]} 9. Bxf3
{[%clk 0:16:20]} Nd7 {[%clk 0:16:05]} 10. e3 {[%clk 0:16:28]} e5 {[%clk 0:16:14]}
11. d5 {[%clk 0:16:37]} Ne7 {[%clk 0:16:23]} 12. e4 {[%clk 0:16:46]} f5
{[%clk 0:16:29]} 13. h4 {[%clk 0:16:54]} Qe8 {[%clk 0:15:48]} 14. Kg2
{[%clk 0:16:26]} a5 {[%clk 0:15:15]} 15. Qe2 {[%clk 0:15:44]} Nc5
{[%clk 0:14:50]} 16. Be3 {[%clk 0:15:18]} b6 {[%clk 0:13:57]} 17. b3
{[%clk 0:11:23]} Qd7 {[%clk 0:12:19]} 18. h5 {[%clk 0:10:16]} Rf7
{[%clk 0:11:10]} 19. hxg6 {[%clk 0:09:10]} hxg6 {[%clk 0:11:13]} 20. Rac1
{[%clk 0:08:23]} Raf8 {[%clk 0:10:48]} 21. exf5 {[%clk 0:08:24]} Nxf5
{[%clk 0:10:55]} 22. Bg4 {[%clk 0:07:04]} Qe7 {[%clk 0:10:24]} 23. Bxc5
{[%clk 0:06:32]} bxc5 {[%clk 0:10:20]} 24. Ne4 {[%clk 0:06:40]} Bh6
{[%clk 0:10:05]} 25. Rcd1 {[%clk 0:05:14]} Kg7 {[%clk 0:08:03]} 26. Rh1
{[%clk 0:03:50]} Nd4 {[%clk 0:07:36]} 27. Qd3 {[%clk 0:03:55]} Rh8
{[%clk 0:06:29]} 28. Rh2 {[%clk 0:03:33]} Rff8 {[%clk 0:06:16]} 29. Rdh1
{[%clk 0:03:15]} Qe8 {[%clk 0:05:02]} 30. Rh4 {[%clk 0:02:19]} a4
{[%clk 0:04:17]} 31. bxa4 {[%clk 0:01:41]} Qxa4 {[%clk 0:04:21]} 32. Rb1
{[%clk 0:01:49]} Rf7 {[%clk 0:02:01]} 33. Be6 {[%clk 0:01:27]} Rf3
{[%clk 0:02:10]} 34. Rb7 {[%clk 0:01:01]} Rxd3 {[%clk 0:00:18]} 35. Rxc7+
{[%clk 0:01:10]} Kf8 {[%clk 0:00:27]} 36. Rf7+ {[%clk 0:01:06]} Ke8
{[%clk 0:00:35]} 37. Nxd6+ {[%clk 0:00:52]} Kd8 {[%clk 0:00:43]} 38. Nb7+
{[%clk 0:00:40]} Ke8 {[%clk 0:00:52]} 39. Nd6+ {[%clk 0:00:27]} Kd8
{[%clk 0:01:00]} 40. Nb7+ {[%clk 0:00:18]} Ke8 {[%clk 0:01:09]} 41. Nd6+
{[%clk 0:00:15]} Kd8 {[%clk 0:01:18]} 42. Nb7+ {[%clk 0:00:18]} Ke8
{[%clk 0:01:26]} 1/2-1/2